000 00391nam a22001337a 4500
008 200224b xxu||||| |||| 00| 0 eng d
020 _a9780062391124
050 _aPZ 7.1
_b.W37my 2015
100 _aWarga, Jasmine
245 _aMy heart and other blackholes/
_cJasmine Warga.
260 _aNew York :
_bHarperCollins Publishing,
_c2015.
300 _a302 pages ;
_c21 cm.
942 _2lcc
_cBK
999 _c362956
_d362956